Online Catalogue and eLibrary

Thaslima Nasreenge kavi : (Record no. 5398)

MARC details
000 -LEADER
fixed length control field 00428nam a2200157Ia 4500
005 - DATE AND TIME OF LATEST TRANSACTION
control field 20250310053345.0
008 - FIXED-LENGTH DATA ELEMENTS--GENERAL INFORMATION
fixed length control field 240331s9999 xx 000 0 und d
020 ## - INTERNATIONAL STANDARD BOOK NUMBER
ISBN 9555733848
082 ## - DDC Classification
Item Number - Author Mark NAS
Class No. 821
100 ## - MAIN ENTRY--PERSONAL NAME
Personal name Nasreen, T
245 #0 - TITLE STATEMENT
Title Thaslima Nasreenge kavi :
Remainder of title 100 poems of Thaslima Nasreen
260 ## - PUBLICATION, DISTRIBUTION, ETC.
Place of publication, distribution, etc. Nugegoda
Name of publisher, distributor, etc. Sarasavi Publishers
Date of publication, distribution, etc. 2005
300 ## - PHYSICAL DESCRIPTION
Extent (e.g. Volumes, Pages etc.) 146 p .,
500 ## - GENERAL NOTE
General note Poems Of Taslima Nasreen
942 ## - Koha item type (Biblio)
Koha item type Books in Stacks (Lending)
Holdings
Lost status Damaged status Collection code Home library Current library Shelving location Date acquired Full call number Accession Number Item type
    Lending WERC Library WERC Library Social Science Cupboard 03/31/2024 821 NAS 897 Books in Stacks (Lending)

© WERC Library